Movies Quiz

Random Movies or Cast Quiz

Top Grossing Films of 1978 Quiz Stats

 Plays Quiz not verified by Sporcle

Challenge
Share
Tweet
Embed
Score 0/10 Timer 05:00
0 Plays Today
Cast Film % Correct
John Travolta and Olivia Newton-JohnGrease
100%
Christopher Reeve and Gene HackmanSuperman
98.4%
John Belushi and Tim MathesonAnimal House
90.6%
Robert DeNiro and Christopher WalkenThe Deer Hunter
90.6%
Roy Scheider and Lorraine GrayJaws 2
76.6%
Warren Beatty and Julie ChristieHeaven Can Wait
71.9%
Clint Eastwood and Sondra LockeEvery Which Way but Loose
60.9%
Burt Reynolds and Jan Michael-VincentHooper
29.7%
Peter Sellers and Dyan CannonRevenge of the Pink Panther
29.7%
David Emge and Ken ForeeDawn of the Dead
14.1%

You're not logged in!

Compare scores with friends on all Sporcle quizzes.
Join for Free
OR
Log In

You Might Also Like...

Show Comments

Extras

Created Dec 23, 2015ReportNominate
Tags:Cast Quiz, 1978, box, office

Top Quizzes Today


Score Distribution

Your Account Isn't Verified!

In order to create a playlist on Sporcle, you need to verify the email address you used during registration. Go to your Sporcle Settings to finish the process.

Report this User

Report this user for behavior that violates our Community Guidelines.

Details: